'The Polish swan triumphant': The English Reception of Maciej Kazimierz Sarbiewski in the Seventeenth Century
| Titel: | 'The Polish swan triumphant': The English Reception of Maciej Kazimierz Sarbiewski in the Seventeenth Century / George Gömöri |
|---|---|
| Verfasser: | |
| In: |
The modern language review, Band 106, Heft 3 (2011), Seite 814-833 alle Artikel anzeigen |
| Veröffentlicht: | 2011 |
| Format: | Aufsatz |
| Sprache: | Englisch |
X
alg: 52322530 001A $03025:06-11-24 001B $03025:06-11-24 $t13:22:19.000 001D $03025:06-11-24 001U $0utf8 001X $00 002@ $0Aox 003@ $052322530X 006N $000137772 007D $asw110723 007I $0swets160237473 010@ $aeng 011@ $a2011 021A $a'The @Polish swan triumphant': The English Reception of Maciej Kazimierz Sarbiewski in the Seventeenth Century $hGeorge Gömöri 028A $BVerfasser $#Gömöri, George $#Gomori, George $4aut $71072014998 $8Gömöri, György$Z1934- [Tp3] $9359906028 031A $d106 $e3 $g20 $h814-833 $j2011 039B $aEnthalten in $8--Abvc--. The @modern language review. - London : MHRA, 1905-. - ISSN 0026-7937 $x201100001060003186 $9047201339 044K $#Sarbievius, Mathias C. $#Sarbievus, Matthias Casimirus $#Sarbeŭski, M. K. $#Sarbeŭski, Macej Kazimir $#Sarbiewski, Mathias Casimirus $#Sarbievius, Mathias Casimirus $#Sarbievius, ... $#Sarbievius $#Sarbievski, Casimir Matthias $#Sarbevius, Matthias Casimirus $#Sarbievius, Matthias Casimirus $#Sarbivius, Matthias Casimirus $#Sarbiewski, Maciej K. $#Sarbiewski, Mathias Casimir $#Casimir, Mathias $#Casimir, Matthias $#Casimirus, Matthias $#Sarbievijus, Motiejus Kazimieras $#Horacy$#Horatius $#Horatius $#Sarbievius, Mathias Casimir $#Sarbiewski, Matthias Casimir $#Sarbiewski, Mathias Kasimir $7119055031 $8Sarbiewski, Maciej Kazimierz$Z1595-1640 [Tp1] $9087395282 044K $RAuswirkung $RFortleben $#Influence (Literary, artistic, etc.) $#Influence littéraire, artistique, etc. $#Fortwirken $#Nachwirkung Rezeption $#Nachleben $#Wirkungsgeschichte $#Aneignung Rezeption $74049716-1 $8Rezeption [Tsz] $9085138584 044K $RGroßbritannien $#Angleterre $#Kingdom of England $#Engeland $#Inghilterra $#Inglaterra $74014770-8 $8England [Tg1] $9085033383 045R $aGeschichte 1625-1700 045T $aAVL $qDE-30 $2FID 045T $a7,12 045T $aLING $qDE-30 $2FID lok: 52322530 78 exp: 52322530 78 1 #EPN 201B/01 $006-11-24 $t13:21:11.000 201C/01 $006-11-24 201U/01 $0utf8 203@/01 $01281565903 208@/01 $a06-11-24 $be 209A/01 $a/ $f000 $x00 209A/01 $ab*p $x01 220C/01 $apgar 244Z/01 $#Generalgouvernement Polen $#Polska $#Rzeczpospolita Polska $#Polska Rzeczpospolita Ludowa $#Poland $#Pologne $#République Polonaise $#Generalne Gubernatorstwo w Polsce $#Polish People's Republic $#Polska Rzeczpospolita Polen $#PRL $#RP $#Polen Generalgouvernement $#Polska Generalgouvernement $#Besetzte Polnische Gebiete $#Besetztes Gebiet in Polen $#Okupowane Polskie Obszary $#Obszary Okupowane w Polsce $#Volksrepublik Polen $#Polska Rosyjska $#Republic Polen $#Respublika Pol'ša $#Pol'skaja Narodnaja Respublika $#République de Pologne $#Polen Links der Weichsel $#Polska po Lewej Stronie Wisły $#Lenkija $#Polija $#Gubernija Carstva Pol'skago $#Republik Polen $74046496-9 $8--Tg1--Polen $x01 $9085129801 247C/01 $82080>Marburg/Lahn, Herder-Institut, Forschungsbibliothek, Bibliographieportal $9336309341
| LEADER | 00000naa a22000002c 4500 | ||
|---|---|---|---|
| 001 | 52322530X | ||
| 003 | DE-603 | ||
| 005 | 20241106132219.0 | ||
| 007 | tu | ||
| 008 | 241106s2011 xx |||| | u00||u|eng c | ||
| 035 | |a (DE-599)HEB52322530X | ||
| 035 | |a (NL-LiSWE)00137772 | ||
| 040 | |a DE-603 |b ger |c DE-603 |d DE-603 | ||
| 041 | |a eng | ||
| 084 | |a AVL |q DE-30 |2 fid | ||
| 084 | |a 7,12 |2 ssgn | ||
| 084 | |a LING |q DE-30 |2 fid | ||
| 100 | 1 | |a Gömöri, György |d 1934- |e Verfasser |4 aut |0 (DE-603)359906028 |0 (DE-588)1072014998 |2 gnd | |
| 245 | 0 | 0 | |a 'The Polish swan triumphant': The English Reception of Maciej Kazimierz Sarbiewski in the Seventeenth Century |c George Gömöri |
| 264 | 0 | |c 2011 | |
| 600 | 1 | 7 | |a Sarbiewski, Maciej Kazimierz |d 1595-1640 |0 (DE-588)119055031 |0 (DE-603)087395282 |2 gnd |
| 648 | 7 | |a Geschichte 1625-1700 |2 gnd | |
| 650 | 7 | |a Rezeption |0 (DE-588)4049716-1 |0 (DE-603)085138584 |2 gnd | |
| 651 | 7 | |a England |0 (DE-588)4014770-8 |0 (DE-603)085033383 |2 gnd | |
| 773 | 0 | 8 | |i Enthalten in |t The modern language review |d London : MHRA, 1905- |x 0026-7937 |g Band 106, Heft 3 (2011), Seite 814-833 |w (DE-603)047201339 |w (DE-600)184111-7 |
| 924 | 0 | |9 2080 |a (DE-603)1281565903 |b DE-2080 |c HES |d d |g / | |


